Study on land data collection form of systematic land registration in makprang commune, tuek chhou district, kampot province; សិក្សាពីការបំពេញទម្រង់បែបបទនៃការប្រមូលទិន្នន័យក្បាលដីសម្រាប់ការចុះបញ្ជីដីធ្លី នៅឃុំម៉ាក់ប្រាង្គ ស្រុកទឹកឈូ ខេត្តកំពត (Record no. 10810)

000 -LEADER
fixed length control field 00859nam a22001577a 4500
003 - CONTROL NUMBER IDENTIFIER
control field OSt
005 - DATE AND TIME OF LATEST TRANSACTION
control field 20161110084203.0
008 - FIXED-LENGTH DATA ELEMENTS--GENERAL INFORMATION
fixed length control field 161110b xxu||||| |||| 00| 0 eng d
040 ## - CATALOGING SOURCE
Transcribing agency RUA
082 ## - DEWEY DECIMAL CLASSIFICATION NUMBER
Classification number LMA LIM 2015 B529 Or.1
100 ## - MAIN ENTRY--PERSONAL NAME
9 (RLIN) 11240
Personal name LIM CHEAHONG; លីម ជាហុង
245 ## - TITLE STATEMENT
Title Study on land data collection form of systematic land registration in makprang commune, tuek chhou district, kampot province; សិក្សាពីការបំពេញទម្រង់បែបបទនៃការប្រមូលទិន្នន័យក្បាលដីសម្រាប់ការចុះបញ្ជីដីធ្លី នៅឃុំម៉ាក់ប្រាង្គ ស្រុកទឹកឈូ ខេត្តកំពត
260 ## - PUBLICATION, DISTRIBUTION, ETC. (IMPRINT)
Place of publication, distribution, etc. Phnom Penh
Name of publisher, distributor, etc. LIM
Date of publication, distribution, etc. 2015
300 ## - PHYSICAL DESCRIPTION
Extent x;48p.
Other physical details ill.
Dimensions 29cm.
942 ## - ADDED ENTRY ELEMENTS (KOHA)
Source of classification or shelving scheme
Koha item type LMA

No items available.

មជ្ឈមណ្ឌលឯការនៃសាកលវិទ្យាល័យភូមិន្ទកសិកម្មចំការដូង

Powered by Koha